[Event "World Youth U16 Olympiad"]
[Site "Gyor HUN"]
[Date "2014.12.13"]
[Round "1.1"]
[Board "1"]
[White "Puccini, Jack"]
[Black "Ghosh, Diptayan"]
[Result "0-1"]
[WhiteTitle "CM"]
[BlackTitle "IM"]
[WhiteElo "2188"]
[BlackElo "2516"]
[WhiteTeam "Australia"]
[BlackTeam "India"]
[WhiteFideId "3213307"]
[BlackFideId "5045207"]
[EventDate "2014.12.13"]
[EventType "team"]

1. e4 e5 2. Nf3 Nc6 3. d4 exd4 4. Nxd4 Bc5 5. Nxc6 Qf6 6. Qf3 bxc6 7. Nc3 Bd4 8.
Bd2 Rb8 9. Na4 d6 10. c3 Qxf3 11. gxf3 Bf6 12. Bd3 Ne7 13. Rg1 Bd7 14. O-O-O c5
15. Bc2 O-O 16. f4 Rfd8 17. Be3 Bh4 18. f5 Kf8 19. f4 h5 20. Rd2 Bc6 21. Rdg2
Bf6 22. Rg3 Rb5 23. Rd1 Rdb8 24. Rh3 Ra5 25. e5 dxe5 26. fxe5 Bxe5 27. Nxc5 Rxa2
28. Rxh5 Ra1+ 29. Bb1 Kg8 30. Nb3 Rxb1+ 31. Kxb1 Bf3 32. Rd7 Bxh5 33. Rxe7 Bd6 0-1

[Event "World Youth U16 Olympiad"]
[Site "Gyor HUN"]
[Date "2014.12.13"]
[Round "1.1"]
[Board "2"]
[White "Karthikeyan, Murali"]
[Black "Loh, Zachary"]
[Result "1-0"]
[WhiteTitle "IM"]
[WhiteElo "2497"]
[BlackElo "2075"]
[WhiteTeam "India"]
[BlackTeam "Australia"]
[WhiteFideId "5074452"]
[BlackFideId "3210383"]
[EventDate "2014.12.13"]
[EventType "team"]

1. e4 e6 2. d4 d5 3. Nd2 Be7 4. Bd3 c5 5. dxc5 Nf6 6. Qe2 Nc6 7. Ngf3 a5 8. O-O
O-O 9. c3 a4 10. Nd4 Bxc5 11. e5 Nd7 12. N2f3 Be7 13. Bf4 Nc5 14. Bc2 a3 15. b4
Na4 16. Qe3 Nxd4 17. cxd4 Bd7 18. Ng5 g6 19. h4 Rc8 20. Rac1 Rc3 21. Qd2 Rc4 22.
h5 Bxb4 23. Qe3 Nb2 24. Qh3 Qe7 25. Nxh7 Rxc2 26. Nf6+ 1-0

[Event "World Youth U16 Olympiad"]
[Site "Gyor HUN"]
[Date "2014.12.13"]
[Round "1.1"]
[Board "3"]
[White "Chew Lee, Max"]
[Black "Kumaran, B"]
[Result "1/2-1/2"]
[WhiteElo "1931"]
[BlackElo "2316"]
[WhiteTeam "Australia"]
[BlackTeam "India"]
[WhiteFideId "3213137"]
[BlackFideId "5038472"]
[EventDate "2014.12.13"]
[EventType "team"]

1. e4 c5 2. Nf3 Nc6 3. d4 cxd4 4. Nxd4 Nf6 5. Nc3 e5 6. Ndb5 d6 7. Nd5 Nxd5 8.
exd5 Ne7 9. c4 Nf5 10. Bd3 Be7 11. O-O O-O 12. Kh1 Nh4 13. f4 a6 14. Nc3 f5 15.
Be3 Ng6 16. b4 Bf6 17. Qc2 exf4 18. Bxf4 a5 19. b5 Nxf4 20. Rxf4 Be5 21. Rf3 Qh4
22. g3 Qh5 23. Raf1 f4 24. gxf4 Bg4 25. Rg3 Bxf4 26. Bxh7+ Kh8 27. Bg6 Qh4 28.
Qf2 Kg8 29. Qxf4 Rxf4 30. Rxf4 Rf8 31. Rfxg4 Qh6 32. Bd3 Rf7 33. Ne4 Re7 34. c5
dxc5 35. d6 Rd7 36. Bc4+ Kf8 37. Rf3+ Ke8 38. Nf6+ Kd8 39. Nxd7 Kxd7 40. Rfg3
Qc1+ 41. Rg1 Qc3 42. Rxg7+ Kxd6 43. Rd1+ Ke5 44. Re7+ Kf6 45. Re6+ Kf5 46. Rf1+
Kg5 47. Be2 Qd2 48. Re5+ Kg6 49. Bh5+ Kh6 50. Rf6+ Kg7 51. Rg6+ Kh8 52. Re8+ Kh7
53. Re7+ Kh8 54. Re8+ Kh7 55. Re7+ Kh8 56. Re8+ 1/2-1/2

[Event "World Youth U16 Olympiad"]
[Site "Gyor HUN"]
[Date "2014.12.13"]
[Round "1.2"]
[Board "1"]
[White "Donchenko, Alexander"]
[Black "Petrov, Martin"]
[Result "1-0"]
[WhiteTitle "IM"]
[WhiteElo "2523"]
[BlackElo "2183"]
[WhiteTeam "Germany"]
[BlackTeam "Bulgaria"]
[WhiteFideId "24603295"]
[BlackFideId "2911086"]
[EventDate "2014.12.13"]
[EventType "team"]

1. c4 Nf6 2. g3 c5 3. Bg2 d5 4. cxd5 Nxd5 5. Nc3 Nc7 6. Nf3 Nc6 7. O-O e5 8. a3
f6 9. e3 Be7 10. d4 cxd4 11. exd4 exd4 12. Ne2 Ne6 13. b4 O-O 14. Bb2 a5 15. b5
Ne5 16. Nfxd4 Qb6 17. a4 Rd8 18. Qb3 Kh8 19. Rad1 Nc5 20. Qc2 Bg4 21. h3 Bh5 22.
Nf5 Bf8 23. g4 Bf7 24. Bd4 Rac8 25. f4 Nc4 26. Qc3 Qe6 27. Neg3 Nxa4 28. Qa1 Na3
29. Bxb7 Rc4 30. Bf2 Rxd1 31. Qxd1 Nc3 32. Qd3 Bc5 33. Bxc5 Rxc5 34. Qd8+ Bg8
35. Bc6 Na4 36. Qc7 Qf7 37. Qxa5 Qb3 38. Qa7 Bf7 39. Qb8+ Bg8 40. Qa7 Bf7 41.
Re1 h6 42. Qb8+ Kh7 43. Qf8 Rxf5 44. Nxf5 1-0

[Event "World Youth U16 Olympiad"]
[Site "Gyor HUN"]
[Date "2014.12.13"]
[Round "1.2"]
[Board "2"]
[White "Stefanov, Emil"]
[Black "Perske, Thore"]
[Result "0-1"]
[WhiteElo "2134"]
[BlackElo "2402"]
[WhiteTeam "Bulgaria"]
[BlackTeam "Germany"]
[WhiteFideId "2914794"]
[BlackFideId "12902195"]
[EventDate "2014.12.13"]
[EventType "team"]

1. d4 Nf6 2. c4 g6 3. Nc3 Bg7 4. e4 d6 5. Nf3 O-O 6. Be2 e5 7. O-O Nc6 8. d5 Ne7
9. Qc2 Ne8 10. Rd1 h6 11. b4 f5 12. Bb2 f4 13. h3 g5 14. Nh2 Nf6 15. Bg4 Nxg4
16. hxg4 h5 17. f3 hxg4 18. fxg4 Rf6 19. Rd3 Ng6 20. Nd1 Bd7 21. Nf2 Nf8 22. c5
Nh7 23. Rc3 Bf8 24. a4 Qe8 25. a5 a6 26. Rh3 Rg6 27. Rc1 Nf6 28. Qe2 Bb5 29. Qe1
Rd8 30. Nf3 Bd7 31. Nh2 Qf7 32. Qe2 Bb5 33. Qe1 Re8 34. Nd3 Rg7 35. Nf2 Qg6 36.
Ba3 Rh7 37. Nf3 Rf7 38. Bb2 Rg7 39. Nd2 Bd7 40. Qe2 Bb5 41. Qe1 c6 42. dxc6 Bxc6
43. cxd6 Bxd6 44. Qe2 Qf7 45. Qc4 Qxc4 46. Nxc4 Bb8 47. Re1 Ba7 48. Nb6 Bxb6 49.
axb6 Rd7 50. Nd3 Nxg4 51. Rh5 Rg7 52. Nc5 Nf6 53. Rh6 Ng4 54. Rd6 Ne3 55. Rc1 g4
56. Rxc6 bxc6 57. b7 Rge7 58. Ra1 Nc4 59. Rxa6 Nxb2 60. Ra8 Kf7 61. b8=Q Rxb8
62. Rxb8 Nc4 63. Ra8 g3 64. Ra6 Rc7 65. Kf1 Ne3+ 66. Kg1 Ke7 67. Rb6 Ra7 68. Ra6
Rxa6 69. Nxa6 Kd6 70. Nc5 Nc2 71. Nd3 Ne3 72. Nc5 Kc7 73. Nd3 Nc4 74. Kf1 Kb6
75. Ke2 Kb5 76. Ke1 Ka4 77. Ke2 Kb3 78. Ke1 Kc2 79. Ke2 Kc3 80. Nxf4 exf4 81.
Kf3 Kxb4 82. Kxf4 c5 83. Kxg3 Ne5 84. Kf4 c4 0-1

[Event "World Youth U16 Olympiad"]
[Site "Gyor HUN"]
[Date "2014.12.13"]
[Round "1.2"]
[Board "3"]
[White "Vogel, Roven"]
[Black "Petrov, Vladimir Sergeev"]
[Result "1-0"]
[WhiteElo "2401"]
[BlackElo "2055"]
[WhiteTeam "Germany"]
[BlackTeam "Bulgaria"]
[WhiteFideId "12908088"]
[BlackFideId "2902940"]
[EventDate "2014.12.13"]
[EventType "team"]

1. Nf3 Nf6 2. g3 d5 3. Bg2 c6 4. O-O Bg4 5. c4 e6 6. d4 Nbd7 7. b3 Bd6 8. Bb2
O-O 9. Nbd2 Qe7 10. Re1 Rfd8 11. e4 dxe4 12. Nxe4 Nxe4 13. Rxe4 Nf6 14. Re3 Ba3
15. Qc1 Bxb2 16. Qxb2 Qd6 17. Rd1 c5 18. Red3 e5 19. dxe5 Qxd3 20. Rxd3 Rxd3 21.
Qe2 Rad8 22. exf6 Rd1+ 23. Bf1 R1d3 24. Qe7 Rd1 25. Kg2 gxf6 26. Be2 R1d6 27.
Ne5 Be6 28. Ng4 f5 29. Qg5+ Kf8 30. Nf6 b6 31. Nxh7+ Ke8 32. Nf6+ Kf8 33. Bf3 1-0

[Event "World Youth U16 Olympiad"]
[Site "Gyor HUN"]
[Date "2014.12.13"]
[Round "1.3"]
[Board "1"]
[White "Mesaros, Florian"]
[Black "Paravyan, David"]
[Result "0-1"]
[BlackTitle "IM"]
[WhiteElo "2370"]
[BlackElo "2437"]
[WhiteTeam "Austria"]
[BlackTeam "Russia"]
[WhiteFideId "1629220"]
[BlackFideId "4194985"]
[EventDate "2014.12.13"]
[EventType "team"]

1. Nf3 d5 2. d4 e6 3. c4 a6 4. cxd5 exd5 5. Nc3 c6 6. Bf4 Bd6 7. Bxd6 Qxd6 8. e3
Ne7 9. Bd3 Bg4 10. Qc2 Bxf3 11. gxf3 c5 12. dxc5 Qxc5 13. Ne2 Qd6 14. Rd1 Nbc6
15. O-O Rc8 16. Qd2 O-O 17. Bb1 Rfd8 18. Nd4 Qh6 19. Kh1 Rd6 20. Rg1 Qh5 21. Rg3
Rh6 22. h3 Rd6 23. Kh2 Qe5 24. f4 Qf6 25. Rg5 Nxd4 26. Qxd4 Qxd4 27. Rxd4 Rc1
28. Rg1 Rxg1 29. Kxg1 Rc6 30. Rd1 f5 31. Kg2 Kf7 32. Kf3 Rh6 33. Kg3 Rg6+ 34.
Kf3 Rh6 35. Rh1 Rb6 36. b3 Rc6 37. Ke2 Ke6 38. Rg1 g6 39. Kd3 a5 40. h4 h5 41.
a3 Kf7 42. Ba2 Kf6 43. Rb1 Rb6 44. Rc1 Rc6 45. Rb1 d4 46. b4 Rc3+ 47. Kxd4 Rxa3
48. Bd5 Nxd5 49. Kxd5 a4 50. Kc5 Rc3+ 51. Kb5 a3 52. Ra1 Ke6 53. Kb6 Kd5 54.
Kxb7 Kc4 55. Kc6 Kxb4+ 56. Kd5 Kb3 57. Ke5 Kb2 58. Rd1 a2 59. Kf6 Rc6+ 60. Kg5
a1=Q 61. Rxa1 Kxa1 62. f3 Kb2 63. e4 fxe4 64. fxe4 Kc3 65. f5 gxf5 66. exf5 Kd4
67. Kxh5 Ke5 68. Kg5 Rc1 69. h5 Rg1+ 70. Kh6 Kxf5 71. Kh7 Kg5 0-1

[Event "World Youth U16 Olympiad"]
[Site "Gyor HUN"]
[Date "2014.12.13"]
[Round "1.3"]
[Board "2"]
[White "Goryachkina, Aleksandra"]
[Black "Kiss, Balint"]
[Result "1-0"]
[WhiteTitle "WGM"]
[WhiteElo "2441"]
[BlackElo "2090"]
[WhiteTeam "Russia"]
[BlackTeam "Austria"]
[WhiteFideId "4147103"]
[BlackFideId "743763"]
[EventDate "2014.12.13"]
[EventType "team"]

1. d4 d5 2. c4 c6 3. cxd5 cxd5 4. Nc3 Nf6 5. Bf4 Nc6 6. e3 a6 7. Bd3 e6 8. Rc1
Bd6 9. Bxd6 Qxd6 10. f4 O-O 11. Nf3 Ne7 12. Ne5 Nf5 13. Qe2 Qb4 14. O-O Nd6 15.
a3 Qa5 16. Qf3 Bd7 17. Nxd7 Nxd7 18. f5 Nf6 19. fxe6 fxe6 20. Qh3 Rae8 21. Rc2
h6 22. Rcf2 Qd8 23. Bg6 Nf7 24. Qg3 Kh8 25. h4 Qe7 26. Bb1 Nd6 27. Qg6 Nf5 28.
Bxf5 exf5 29. Rf3 Qe6 30. Qxf5 Qd6 31. Qg6 Qe6 32. Rg3 Re7 33. Rf5 Rfe8 34. Rgf3
Kg8 35. Rxf6 1-0

[Event "World Youth U16 Olympiad"]
[Site "Gyor HUN"]
[Date "2014.12.13"]
[Round "1.3"]
[Board "3"]
[White "Horvath, Dominik"]
[Black "Vavulin, Maksim"]
[Result "0-1"]
[BlackTitle "IM"]
[WhiteElo "2017"]
[BlackElo "2430"]
[WhiteTeam "Austria"]
[BlackTeam "Russia"]
[WhiteFideId "1642561"]
[BlackFideId "4169530"]
[EventDate "2014.12.13"]
[EventType "team"]

1. e4 g6 2. d4 Bg7 3. Nc3 d6 4. Be3 a6 5. h3 b5 6. a3 Bb7 7. f4 Nd7 8. Nf3 Rc8
9. e5 Nh6 10. Bd3 c5 11. O-O O-O 12. Qd2 cxd4 13. Bxd4 Nc5 14. Bxc5 Rxc5 15. Be4
Bxe4 16. Nxe4 Rc4 17. Qe2 Qb6+ 18. Kh2 Qc6 19. Ned2 Rxf4 20. g3 Ra4 21. b3 Ra5
22. Qe4 Qxe4 23. Nxe4 Rc8 24. Ra2 d5 25. Nc5 b4 26. Na4 bxa3 27. Rxa3 Rxc2+ 28.
Kg1 Nf5 29. b4 Rb5 30. g4 Ng3 31. Nd4 Rc4 32. Nxb5 Nxf1 33. Nbc3 Ne3 34. Nb6
Rxb4 35. Nd7 Rb7 36. Nc5 Rc7 37. Nxa6 Rc8 38. Nb4 e6 39. Nb5 Nc4 40. Rb3 Bxe5
41. Nd3 Bf6 42. Rb1 Rb8 43. Nc3 Rxb1+ 44. Nxb1 Ba1 45. Nc1 e5 46. Nb3 Bb2 47.
Kf1 e4 48. Ke2 d4 49. N1d2 d3+ 50. Kd1 Ne3+ 51. Ke1 Nc2+ 52. Kd1 e3 53. Nf3 Bc3
54. Nc1 e2+ 55. Nxe2 Ne3+ 0-1

[Event "World Youth U16 Olympiad"]
[Site "Gyor HUN"]
[Date "2014.12.13"]
[Round "1.3"]
[Board "4"]
[White "Sarana, Alexey"]
[Black "Toelly, Michael"]
[Result "1-0"]
[WhiteElo "2391"]
[BlackElo "1925"]
[WhiteTeam "Russia"]
[BlackTeam "Austria"]
[WhiteFideId "24133795"]
[BlackFideId "1625330"]
[EventDate "2014.12.13"]
[EventType "team"]

1. d4 Nf6 2. Nf3 e6 3. c4 b6 4. g3 Ba6 5. Qc2 Bb7 6. Bg2 c5 7. d5 exd5 8. cxd5
Nxd5 9. Qe4+ Qe7 10. Qg4 Nb4 11. Na3 Nd3+ 12. Kf1 Nxc1 13. Rxc1 Qe6 14. Qf4 Bd6
15. Qd2 Na6 16. Ng5 Bxg2+ 17. Kxg2 Qe7 18. Rc4 O-O 19. Re4 Qf6 20. Rh4 Qg6 21.
Rxh7 Be7 22. h4 Rad8 23. Nc4 Qc6+ 24. f3 f6 25. Qd3 fxg5 26. hxg5 Nb4 27. g6
Nxd3 28. Rh8# 1-0

[Event "World Youth U16 Olympiad"]
[Site "Gyor HUN"]
[Date "2014.12.13"]
[Round "1.4"]
[Board "2"]
[White "Doknjas, John"]
[Black "Vorontsov, Pavlo"]
[Result "0-1"]
[WhiteTitle "CM"]
[BlackTitle "FM"]
[WhiteElo "2080"]
[BlackElo "2374"]
[WhiteTeam "Canada 2"]
[BlackTeam "Ukraine"]
[WhiteFideId "2608367"]
[BlackFideId "14116367"]
[EventDate "2014.12.13"]
[EventType "team"]

1. d4 Nf6 2. c4 e6 3. Nc3 Bb4 4. e3 d5 5. a3 Bxc3+ 6. bxc3 O-O 7. cxd5 exd5 8.
Bd3 c5 9. f3 b6 10. Ne2 Ba6 11. Bxa6 Nxa6 12. O-O Re8 13. Ng3 Nc7 14. Qd3 Ne6
15. Bb2 Qd7 16. Rad1 Rad8 17. Rfe1 h5 18. Qf5 h4 19. Nh1 Qb5 20. Rd2 Rc8 21. Qh3
cxd4 22. cxd4 Nf4 23. Qf5 Qa5 24. Rdd1 Ng6 25. Qd3 h3 26. g3 Qa4 27. Rd2 Qd7 28.
Nf2 Nh7 29. e4 dxe4 30. fxe4 Ng5 31. Qe3 f6 32. Ree2 Kh8 33. Rc2 Rxc2 34. Rxc2
Ne7 35. Qd3 Rc8 36. Rxc8+ Qxc8 37. Qe2 Kg8 38. Qd3 Qc7 39. d5 Nc8 40. Kh1 Qc5
41. Qe2 Nd6 42. Qe1 Ndxe4 43. Nxe4 Qxd5 44. Qe2 Nxe4 45. Kg1 f5 46. Bc1 g6 47.
Be3 Qb3 48. Bd4 Qb1+ 49. Qf1 Qxf1+ 50. Kxf1 Kf7 51. Be5 Ke6 52. Bb8 a6 53. Ke2
g5 54. Kf3 g4+ 55. Kf4 Nd2 0-1

[Event "World Youth U16 Olympiad"]
[Site "Gyor HUN"]
[Date "2014.12.13"]
[Round "1.4"]
[Board "3"]
[White "Osmak, Iulija"]
[Black "Zhu, Hong Rui"]
[Result "1-0"]
[WhiteTitle "WFM"]
[WhiteElo "2308"]
[BlackElo "2085"]
[WhiteTeam "Ukraine"]
[BlackTeam "Canada 2"]
[WhiteFideId "14101602"]
[BlackFideId "2614740"]
[EventDate "2014.12.13"]
[EventType "team"]

1. e4 d6 2. d4 g6 3. f4 Bg7 4. Nf3 e6 5. Nc3 Ne7 6. Bd3 b6 7. O-O O-O 8. Ne2 h6
9. Qe1 c5 10. c3 Nbc6 11. Be3 Kh7 12. Rd1 Qc7 13. h4 Ng8 14. h5 Nf6 15. Qh4 Nxh5
16. e5 cxd4 17. Nexd4 dxe5 18. Nb5 Qe7 19. Qxh5 f5 20. Qh2 e4 21. Ng5+ Kg8 22.
Nxe4 fxe4 23. Bxe4 Bb7 24. Bxg6 Rad8 25. Qh5 Ba6 26. Be4 Na5 27. Qg6 Bxb5 28.
Qh7+ Kf7 29. Bg6+ Kf6 30. Bf2 1-0

[Event "World Youth U16 Olympiad"]
[Site "Gyor HUN"]
[Date "2014.12.13"]
[Round "1.4"]
[Board "4"]
[White "Peng, Jackie"]
[Black "Shtembuliak, Evgeny"]
[Result "0-1"]
[WhiteTitle "WIM"]
[BlackTitle "FM"]
[WhiteElo "1982"]
[BlackElo "2257"]
[WhiteTeam "Canada 2"]
[BlackTeam "Ukraine"]
[WhiteFideId "2609819"]
[BlackFideId "14113325"]
[EventDate "2014.12.13"]
[EventType "team"]

1. e4 g6 2. d4 Bg7 3. Nf3 c6 4. Be2 d5 5. exd5 cxd5 6. O-O Nf6 7. Bf4 O-O 8. Nc3
Bg4 9. h3 Bxf3 10. Bxf3 Nc6 11. Ne2 Qb6 12. Qd2 Qxb2 13. Rfb1 Qa3 14. Rxb7 Na5
15. Rb5 Nc4 16. Qd3 e6 17. c3 Rfc8 18. Qc2 Ne8 19. Nc1 Qf8 20. Qb3 Bh6 21. Nd3
Bxf4 22. Nxf4 Ned6 23. Rb4 a5 24. Ra4 Rcb8 25. Qc2 Nb6 26. Ra3 a4 27. Be2 Nb5
28. Bxb5 Qxa3 29. Nd3 Nc8 30. Bc6 Ra7 31. Nc5 Nd6 32. Bxa4 Ne4 33. Nxe4 dxe4 34.
Bc6 Rc7 35. Bxe4 Rxc3 36. Qd2 Rbc8 37. Kh2 Qd6+ 38. g3 R3c4 39. Rd1 Rd8 40. Qb2
Rxd4 41. Rxd4 Qxd4 42. Qxd4 Rxd4 43. Bb1 Rd2 44. Kg2 Rb2 0-1

[Event "World Youth U16 Olympiad"]
[Site "Gyor HUN"]
[Date "2014.12.13"]
[Round "1.5"]
[Board "1"]
[White "Egri, Laszlo Jr."]
[Black "Gledura, Benjamin"]
[Result "0-1"]
[BlackTitle "IM"]
[WhiteElo "2118"]
[BlackElo "2450"]
[WhiteTeam "Transdanubium West 2"]
[BlackTeam "Hungary 1"]
[WhiteFideId "703397"]
[BlackFideId "712779"]
[EventDate "2014.12.13"]
[EventType "team"]

1. Nf3 d5 2. g3 Bg4 3. Bg2 Nd7 4. c4 e6 5. O-O c6 6. cxd5 exd5 7. d3 Ngf6 8. Nc3
Bc5 9. Qc2 O-O 10. e4 dxe4 11. dxe4 Qe7 12. h3 Bxf3 13. Bxf3 Ne5 14. Bg2 Rad8
15. Bg5 h6 16. Bxf6 Qxf6 17. Nd5 Qd6 18. Rfd1 b6 19. Ne3 Qe6 20. Qc3 Qf6 21. Kf1
Rfe8 22. b4 Bxe3 23. Qxe3 Nc4 24. Qe2 Rd2 25. Qf3 Qd4 26. Kg1 Ne5 27. Qe2 Rd8
28. Qxd2 Qxd2 29. Rxd2 Rxd2 30. a3 Nd3 31. Bf1 Nxf2 32. Rc1 Nxe4 33. g4 Ng3 34.
Ba6 Ne2+ 35. Bxe2 Rxe2 36. Rxc6 Re3 37. a4 Rxh3 38. Rc8+ Kh7 39. Rc7 Rg3+ 40.
Kh2 Rxg4 41. Rxf7 Rxb4 42. Rxa7 h5 43. a5 bxa5 44. Rxa5 Kh6 45. Kh3 Rb3+ 46. Kh2
h4 47. Ra6+ Kh5 48. Ra5+ g5 49. Ra2 Rb5 50. Rc2 g4 51. Ra2 h3 52. Rc2 Kh4 53.
Rc4 Rb2+ 54. Kh1 Re2 55. Kg1 Kg3 56. Rc3+ Kf4 57. Rc4+ Re4 58. Rc1 g3 59. Ra1
Kg4 60. Kh1 Rf4 61. Rb1 g2+ 62. Kh2 Rf1 63. Rb4+ Kf5 64. Rb5+ Ke6 65. Rb6+ Kd7
66. Rb7+ Kc6 67. Rg7 Rh1+ 0-1

[Event "World Youth U16 Olympiad"]
[Site "Gyor HUN"]
[Date "2014.12.13"]
[Round "1.5"]
[Board "2"]
[White "Korpa, Bence"]
[Black "Czupor, Attila"]
[Result "1/2-1/2"]
[WhiteTitle "IM"]
[WhiteElo "2415"]
[BlackElo "2107"]
[WhiteTeam "Hungary 1"]
[BlackTeam "Transdanubium West 2"]
[WhiteFideId "706671"]
[BlackFideId "752495"]
[EventDate "2014.12.13"]
[EventType "team"]

1. c4 e5 2. Nc3 Bb4 3. g3 Nf6 4. Bg2 c6 5. Qb3 Ba5 6. e3 O-O 7. Nge2 d6 8. O-O
Qe7 9. d3 Bf5 10. e4 Be6 11. Bg5 b5 12. Qa3 Bxc3 13. Qxc3 bxc4 14. dxc4 h6 15.
Bxf6 Qxf6 16. Rfd1 Rd8 17. c5 d5 18. exd5 cxd5 19. f4 Nc6 20. fxe5 Qxe5 21. Qxe5
Nxe5 22. Nf4 Rac8 23. Bxd5 Bg4 24. Re1 Nd3 25. Nxd3 Rxd5 26. Nf2 Bf5 27. b4 a5
28. a3 Rb8 29. c6 axb4 30. axb4 Rxb4 31. Re8+ Kh7 32. Rc1 Rd2 33. g4 Rbb2 34.
gxf5 Rxf2 35. c7 Rg2+ 36. Kf1 Rgf2+ 37. Ke1 Rxh2 38. Rh8+ Kxh8 39. c8=Q+ Kh7 40.
Qc6 Rhe2+ 41. Kf1 Rf2+ 42. Kg1 Rxf5 43. Qe4 g6 44. Rc8 Ra5 1/2-1/2

[Event "World Youth U16 Olympiad"]
[Site "Gyor HUN"]
[Date "2014.12.13"]
[Round "1.5"]
[Board "3"]
[White "Ugroczky, Peter"]
[Black "Kantor, Gergely"]
[Result "0-1"]
[BlackTitle "IM"]
[WhiteElo "2057"]
[BlackElo "2385"]
[WhiteTeam "Transdanubium West 2"]
[BlackTeam "Hungary 1"]
[WhiteFideId "758663"]
[BlackFideId "751499"]
[EventDate "2014.12.13"]
[EventType "team"]

1. e4 c5 2. d4 cxd4 3. c3 dxc3 4. Nxc3 Nc6 5. Nf3 e6 6. Bc4 d6 7. O-O Be7 8. Qe2
a6 9. Rd1 Qc7 10. Bf4 Nf6 11. h3 O-O 12. e5 dxe5 13. Nxe5 Bd6 14. Nxc6 Bxf4 15.
Nd4 b5 16. Bd3 Bb7 17. Ne4 Nd5 18. Qh5 Bh6 19. g3 Qe7 20. h4 Rad8 21. Nb3 Nb4
22. Nec5 Rd5 23. Qg4 Nxd3 24. Nxd3 Rc8 25. Qe2 Qd6 26. f4 Rd8 27. Nf2 Qc6 28.
Ne4 Qb6+ 29. Nec5 a5 30. Rxd5 Bxd5 31. Qf2 g6 32. Rd1 a4 33. Nc1 Bg7 34. b4 Bc6
35. Rxd8+ Qxd8 36. Kh2 Qd1 37. Qg1 Qd2+ 38. Kh3 Qxb4 39. N5d3 Qd2 40. Ne5 Be4
41. Qf1 h5 0-1

[Event "World Youth U16 Olympiad"]
[Site "Gyor HUN"]
[Date "2014.12.13"]
[Round "1.5"]
[Board "4"]
[White "Gal, Hanna Krisztina"]
[Black "Szukics, Adam"]
[Result "1/2-1/2"]
[WhiteElo "2061"]
[BlackElo "2000"]
[WhiteTeam "Hungary 1"]
[BlackTeam "Transdanubium West 2"]
[WhiteFideId "711861"]
[BlackFideId "751871"]
[EventDate "2014.12.13"]
[EventType "team"]

1. e4 e5 2. Nf3 Nc6 3. Bb5 f5 4. Nc3 fxe4 5. Nxe4 Nf6 6. Nxf6+ Qxf6 7. Qe2 Be7
8. Bxc6 bxc6 9. Qxe5 Qxe5+ 10. Nxe5 Bc5 11. O-O O-O 12. Nf3 d6 13. d4 Bb6 14.
Be3 Bf5 15. c3 Rae8 16. Rfe1 Re6 17. Nd2 Rfe8 18. a4 a6 19. a5 Ba7 20. Nf3 Re4
21. b4 h6 22. h3 Bg6 23. Bd2 c5 24. dxc5 dxc5 25. Be3 cxb4 26. Bxa7 Rxe1+ 27.
Nxe1 b3 28. Nf3 b2 29. Rd1 b1=Q 30. Rxb1 Bxb1 31. Nd4 Be4 32. f4 Bb7 33. Kf2 Re4
34. g3 Kf7 35. Bb8 Re7 36. Nb3 Bd5 37. Nc5 Bc4 38. h4 h5 39. Kf3 g6 40. Kf2 Kf6
41. Kf3 Kf5 42. Ba7 Re8 43. Nd7 Rd8 44. Ne5 Bb5 45. Ke3 Rd1 46. c4 Bd7 47. Bb8
c6 48. Ke2 Rd4 49. Ba7 Rd6 50. Bb8 Rd4 51. Ba7 Rd6 52. Bb8 Rd4 53. Ba7 1/2-1/2

[Event "World Youth U16 Olympiad"]
[Site "Gyor HUN"]
[Date "2014.12.13"]
[Round "1.6"]
[Board "3"]
[White "Song, Michael"]
[Black "Puskar, Peter"]
[Result "1-0"]
[WhiteElo "2257"]
[BlackElo "2051"]
[WhiteTeam "Canada 1"]
[BlackTeam "Slovakia West"]
[WhiteFideId "2613190"]
[BlackFideId "14925842"]
[EventDate "2014.12.13"]
[EventType "team"]

1. d4 Nf6 2. c4 g6 3. Nc3 Bg7 4. e4 d6 5. f3 O-O 6. Be3 Nbd7 7. Nh3 c5 8. d5 a6
9. Nf2 Rb8 10. a4 Nb6 11. Be2 Na8 12. Qd2 Nc7 13. Bh6 Bd7 14. Bxg7 Kxg7 15. a5
b5 16. axb6 Rxb6 17. Nd3 e6 18. O-O exd5 19. cxd5 Qe7 20. Rfe1 Bb5 21. b4 Nd7
22. bxc5 Nxc5 23. Nxc5 dxc5 24. f4 f6 25. Bf3 Rd8 26. Qf2 Be8 27. e5 fxe5 28.
fxe5 Nb5 29. Na4 Rbb8 30. Nxc5 Bf7 31. d6 Qg5 32. e6 Bg8 33. e7 Rxd6 34. e8=Q
Rxe8 35. Rxe8 Nd4 36. Bd5 Kh6 37. Ne4 Qxd5 38. Qf8+ Kh5 39. Qxd6 1-0

[Event "World Youth U16 Olympiad"]
[Site "Gyor HUN"]
[Date "2014.12.13"]
[Round "1.6"]
[Board "4"]
[White "Vrtiakova, Anna"]
[Black "Zhou, Qiyu"]
[Result "0-1"]
[BlackTitle "WFM"]
[WhiteElo "1866"]
[BlackElo "2156"]
[WhiteTeam "Slovakia West"]
[BlackTeam "Canada 1"]
[WhiteFideId "14927870"]
[BlackFideId "505161"]
[EventDate "2014.12.13"]
[EventType "team"]

1. d4 Nf6 2. Nf3 e6 3. c4 b6 4. g3 Ba6 5. b3 Bb4+ 6. Bd2 Be7 7. Bg2 Bb7 8. Nc3
O-O 9. O-O d5 10. e3 Nbd7 11. Qe2 c5 12. Rac1 Rc8 13. Rfd1 Qc7 14. cxd5 exd5 15.
Be1 Qb8 16. Qb2 Rfd8 17. Ne2 Ne4 18. Nd2 Nd6 19. Nf3 Nf6 20. Ne5 Nb5 21. Nc3
Nxd4 22. Nxf7 Kxf7 23. exd4 cxd4 24. Rxd4 Qe5 25. Rdd1 Ba6 26. Bd2 d4 27. Nb1
Rxc1 28. Bxc1 Qc5 29. Qd2 Qf5 30. Ba3 Bxa3 31. Nxa3 d3 32. Re1 Qc5 33. b4 Qd4
34. b5 Bc8 35. Rc1 Re8 36. Bf3 Bh3 37. Nc2 Qb2 38. Qxd3 Qxc1+ 0-1

[Event "World Youth U16 Olympiad"]
[Site "Gyor HUN"]
[Date "2014.12.13"]
[Round "1.7"]
[Board "1"]
[White "Theodorou, Nikolas"]
[Black "Buzas, Bertalan"]
[Result "1-0"]
[WhiteElo "2321"]
[BlackElo "2109"]
[WhiteTeam "Greece"]
[BlackTeam "Transdanubium West"]
[WhiteFideId "4262875"]
[BlackFideId "751820"]
[EventDate "2014.12.13"]
[EventType "team"]

1. Nf3 Nf6 2. c4 e6 3. g3 d5 4. Bg2 Nbd7 5. O-O c6 6. d4 Be7 7. Qc2 O-O 8. Rd1
b6 9. b3 Ba6 10. Nbd2 Rc8 11. e4 c5 12. exd5 exd5 13. Nf1 dxc4 14. d5 cxb3 15.
axb3 Bxf1 16. Bxf1 Qc7 17. Bb5 Bd6 18. Bb2 c4 19. bxc4 Ne5 20. Nxe5 Bxe5 21. d6
Bxd6 22. Bxf6 gxf6 23. Rd4 Be5 24. Rh4 Rfd8 25. Qxh7+ Kf8 26. Re1 Qc5 27. Rhe4
Ke7 28. Qf5 Kd6 29. Rd1+ Ke7 30. Rd7+ Rxd7 31. Qxd7+ Kf8 32. Rh4 f5 33. Rh5 Qc7
34. Qxf5 Bg7 35. Qg4 Rd8 36. Rg5 f6 37. Qf3 Qd6 38. Rd5 Qe7 39. Qd3 Rxd5 40.
cxd5 Qd6 41. Qf5 Kg8 42. Bd7 Qe5 43. Be6+ 1-0